Every Single Antelope! - Statistics

General Stats
  • This quiz has been taken 70 times
  • The average score is 5 of 235
Answer Stats
Genus Answer % Correct
Aepyceros Common Impala
65%
Nyala Lowland Nyala
31%
Oryx Gemsbok
29%
Connochaetes Blue Wildebeest
22%
Connochaetes Black Wildebeest
20%
Kobus Common Red Lechwe
20%
Addax Addax
18%
Boselaphus Nilgai
18%
Hippotragus Roan Antelope
18%
Oryx Arabian Oryx
16%
Kobus Common Kob
16%
Sylvicapra Common Duiker
14%
Eudorcas Thomson's Gazelle
14%
Oryx Scimitar Oryx
12%
Damaliscus Bontebok
10%
Nanger Dama Gazelle
10%
Kobus Nile Lechwe
10%
Alcelaphus Red Hartebeest
10%
Damaliscus Topi
10%
Aepyceros Black-Faced Impala
8%
Damaliscus Blesbok
8%
Madoqua Kirk's Dik-Dik
8%
Pantholops Tibetan Antelope
8%
Nesotragus Bates's Pygmy Antelope
6%
Ammodorcas Dibatag
6%
Beatragus Hirola
6%
Kobus Southern Puku
6%
Cephalophus Zebra Duiker
6%
Gazella Arabian Gazelle
4%
Dorcatragus Beira
4%
Oryx Common Beisa Oryx
4%
Hippotragus Giant Sable Antelope
4%
Pelea Grey Rhebok
4%
Tragelaphus Lowland Bongo
4%
Saiga Mongolian Saiga
4%
Tragelaphus Mountain Bongo
4%
Gazella Mountain Gazelle
4%
Cephalophus Red Forest Duiker
4%
Neotragus Royal Antelope
4%
Redunca Southern Mountain Reedbuck
4%
Nanger Addra Gazelle
2%
Cephalophus Black Duiker
2%
Taurotragus Cape Eland
2%
Tragelaphus Chobe Bushbuck
2%
Alcelaphus Coke's Hartebeest
2%
Gazella Cuvier's Gazelle
2%
Madoqua Damara Dik-Dik
2%
Oryx Fringe-Eared Oryx
2%
Procapra Goa
2%
Alcelaphus Lelwel Hartebeest
2%
Taurotragus Livingstone's Eland
2%
Nanger Mhorr Gazelle
2%
Eudorcas Mongalla Gazelle
2%
Procapra Mongolian Gazelle
2%
Tragelaphus Mountain Nyala
2%
Eudorcas Red-Fronted Gazelle
2%
Saiga Russian Saiga
2%
Raphicerus Sharpe's Grysbok
2%
Madoqua Silver Dik-Dik
2%
Redunca Southern Reedbuck
2%
Nesotragus Suni
2%
Alcelaphus Swayne's Hartebeest
2%
Damaliscus Tiang
2%
Alcelaphus Tora Hartebeest
2%
Alcelaphus Western Hartebeest
2%
Kobus White-Eared Kob
2%
Cephalophus Abbott's Duiker
0%
Redunca Abyssinian Bohor Reedbuck
0%
Tragelaphus Abyssinian Bushbuck
0%
Redunca Adamawa Mountain Reedbuck
0%
Cephalophus Aders's Duiker
0%
Philantomba Angolan Blue Duiker
0%
Kobus Angolan Defassa Waterbuck
0%
Oreotragus Angolan Klipspringer
0%
Antidorcas Angolan Springbok
0%
Philantomba Bioko Blue Duiker
0%
Cephalophus Black-Fronted Duiker
0%
Kobus Black Lechwe
0%
Ourebia Blaine's Oribi
0%
Nanger Borani Soemmerring's Gazelle
0%
Cephalophus Brooke's Duiker
0%
Gazella Bushehr Gazelle
0%
Philantomba Cape Blue Duiker
0%
Tragelaphus Cape Bushbuck
0%
Strepsiceros Cape Greater Kudu
0%
Raphicerus Cape Grysbok
0%
Oreotragus Cape Klipspringer
0%
Antidorcas Cape Springbok
0%
Madoqua Cavendish's Dik-Dik
0%
Redunca Central Bohor Reedbuck
0%
Tragelaphus Central Bushbuck
0%
Tetracerus Central Four-Horned Antelope
0%
Oreotragus Central Klipspringer
0%
Ourebia Central Oribi
0%
Hippotragus Central Roan
0%
Kobus Central Sing-Sing Waterbuck
0%
Kobus Chad Sing-Sing Waterbuck
0%
Redunca Chanler's Mountain Reedbuck
0%
Damaliscus Coastal Topi
0%
Antidorcas Common Springbok
0%
Damaliscus Common Tsessebe
0%
Cephalophus Common Yellow-Backed Duiker
0%
Connochaetes Cookson's Wildebeest
0%
Kobus Crawshay Defassa Waterbuck
0%
Cephalophus Curti Yellow-Backed Duiker
0%
Gazella Deccan Chinkara
0%
Kobus East African Defassa Waterbuck
0%
Taurotragus East African Eland
0%
Tragelaphus East African Sitatunga
0%
Cephalophus Eastern Bay Duiker
0%
Philantomba Eastern Blue Duiker
0%
Redunca Eastern Bohor Reedbuck
0%
Tragelaphus Eastern Coastal Bushbuck
0%
Taurotragus Eastern Giant Eland
0%
Ourebia Eastern Oribi
0%
Hippotragus Eastern Roan
0%
Hippotragus Eastern Sable Antelope
0%
Raphicerus Eastern Steenbok
0%
Connochaetes Eastern White-Bearded Wildebeest
0%
Gazella Egyptian Dorcas Gazelle
0%
Gazella Eritrean Dorcas Gazelle
0%
Kobus Ethiopian Defassa Waterbuck
0%
Oreotragus Ethiopian Klipspringer
0%
Cephalophus Fosteri Black-Fronted Duiker
0%
Oreotragus Golden Klipspringer
0%
Gazella Gujarat Chinkara
0%
Madoqua Günther's Dik-Dik
0%
Madoqua Hararghe Salt's Dik-Dik
0%
Cephalophus Harvey's Red Duiker
0%
Eudorcas Heuglin's Gazelle
0%
Madoqua Hindei Dik-Dik
0%
Cephalophus Hooki Black-Fronted Duiker
0%
Cephalophus Hypox Black-Fronted Duiker
0%
Gazella Isabelle Dorcas Gazelle
0%
Gazella Jebeer Gazelle
0%
Cephalophus Jentink's Duiker
0%
Kobus Kafue Flats Lechwe
0%
Philantomba Kasai Blue Duiker
0%
Gazella Kennion Gazelle
0%
Philantomba Kenyan Blue Duiker
0%
Kobus Kenyan Common Waterbuck
0%
Kobus Kenyan Defassa Waterbuck
0%
Nesotragus Kirchen Suni
0%
Nesotragus Kirk's Suni
0%
Cephalophus Kivu Black-Fronted Duiker
0%
Damaliscus Korrigum
0%
Philantomba Liberian Maxwell's Duiker
0%
Alcelaphus Liechtenstein's Hartebeest
0%
Cephalophus Longi Yellow-Backed Duiker
0%
Oreotragus Maasai Klipspringer
0%
Philantomba Malawi Blue Duiker
0%
Philantomba Maxwell's Duiker
0%
Tragelaphus Menelik's Bushbuck
0%
Gazella Moroccan Dorcas Gazelle
0%
Tragelaphus Nile Bushbuck
0%
Tragelaphus Nile Sitatunga
0%
Tragelaphus Nkosi Island Sitatunga
0%
Philantomba Northeastern Blue Duiker
0%
Tetracerus Northern Four-Horned Antelope
0%
Litocranius Northern Gerenuk
0%
Nanger Northern Grant's Gazelle
0%
Strepsiceros Northern Greater Kudu
0%
Ammelaphus Northern Lesser Kudu
0%
Ourebia Northern Oribi
0%
Madoqua Northern Salt's Dik-Dik
0%
Antilope Northwestern Blackbuck
0%
Philantomba Northwestern Blue Duiker
0%
Nanger Nubian Soemmerring's Gazelle
0%
Connochaetes Nyassaland Wildebeest
0%
Cephalophus Ogilby's Duiker
0%
Gazella Pelzeln's Gazelle
0%
Gazella Persian Gazelle
0%
Cephalophus Peter's Duiker
0%
Procapra Przewalski's Gazelle
0%
Cephalophus Red-Flanked Duiker
0%
Gazella Rhim Gazelle
0%
Nanger Robert's Gazelle
0%
Cephalophus Rufi Yellow-Backed Duiker
0%
Ourebia Rutila Oribi
0%
Cephalophus Ruwenzori Duiker
0%
Gazella Saharan Dorcas Gazelle
0%
Gazella Salt Range Gazelle
0%
Ourebia Schwarz's Oribi
0%
Kobus Senga Puku
0%
Philantomba Sierra Leone Maxwell's Duiker
0%
Madoqua Somalian Salt's Dik-Dik
0%
Kobus Somali Common Waterbuck
0%
Oreotragus Somali Klipspringer
0%
Madoqua Somaliland Salt's Dik-Dik
0%
Nanger Somali Soemmerring's Gazelle
0%
Antilope Southeastern Blackbuck
0%
Philantomba Southeastern Blue Duiker
0%
Kobus Southern Common Waterbuck
0%
Tetracerus Southern Four-Horned Antelope
0%
Litocranius Southern Gerenuk
0%
Nanger Southern Grant's Gazelle
0%
Ammelaphus Southern Lesser Kudu
0%
Ourebia Southern Oribi
0%
Hippotragus Southern Roan
0%
Hippotragus Southern Sable Antelope
0%
Madoqua Southern Salt's Dik-Dik
0%
Raphicerus Southern Steenbok
0%
Oreotragus Southern Tanzanian Klipspringer
0%
Gazella Speke's Gazelle
0%
Oreotragus Stevenson's Klipspringer
0%
Hippotragus Sudanese Roan
0%
Redunca Sudds Bohor Reedbuck
0%
Kobus Tanzanian Common Waterbuck
0%
Kobus Tanzanian Defassa Waterbuck
0%
Tragelaphus Tanzanian Sitatunga
0%
Oreotragus Transvaal Klipspringer
0%
Gazella Turkmen Gazelle
0%
Kobus Ugandan Kob
0%
Philantomba Walter's Duiker
0%
Cephalophus Western Bay Duiker
0%
Redunca Western Bohor Reedbuck
0%
Tragelaphus Western Bushbuck
0%
Taurotragus Western Giant Eland
0%
Strepsiceros Western Greater Kudu
0%
Ourebia Western Oribi
0%
Hippotragus Western Roan
0%
Kobus Western Sing-Sing Waterbuck
0%
Tragelaphus Western Sitatunga
0%
Connochaetes Western White-Bearded Wildebeest
0%
Cephalophus Weyns's Duiker
0%
Cephalophus White-Bellied Duiker
0%
Cephalophus White-Legged Duiker
0%
Gazella Yarkand Gazelle
0%
Strepsiceros Zambezi Greater Kudu
0%
Tragelaphus Zambezi Sitatunga
0%
Philantomba Zambian Blue Duiker
0%
Oreotragus Zambian Klipspringer
0%
Hippotragus Zambian Sable Antelope
0%
Philantomba Zanzibar Blue Duiker
0%
Nesotragus Zulu Suni
0%
No matching quizzes found
Score Distribution
Percent of People with Each Score
Percentile by Number Answered
Your Score History
You have not taken this quiz